Piłkarze ze 150+ Występów w Reprezentacji - Statystyki

Ogólne statystyki
  • Ten quiz został rozwiązany 140 razy
  • Średni wynik to 6 z 11
Statystyki odpowiedzi
Występy Lata Kraj Zawodnik % Poprawnych
214 2003-nadal Portugalia Cristiano Ronaldo
100%
180 2006-nadal Chorwacja Luka Modric
99%
154 2008-nadal Polska Robert Lewandowski
97%
176 1997-2018 Włochy Gianluigi Buffon
79%
180 2005-2021 Hiszpania Sergio Ramos
73%
167 2000-2016 Hiszpania Iker Casillas
59%
157 2007-2024 Belgia Jan Vertonghen
35%
150 1980-2000 Niemcy Lothar Matthaus
25%
158 2006-2024 Estonia Konstantin Vassiljev
8%
157 1992-2009 Estonia Martin Reim
2%
167 1992-2010 Łotwa Vitalijs Astafjevs
2%
Nie znaleziono quizów pasujących do podanych kryteriów
Rozkład punktacji
Procent ludzi z każdym wynikiem
Percentyl według liczby udzielonych odpowiedzi
Twoja historia wyników
Nie rozwiązałeś tego quizu